Bangla Academy : (Record no. 5855)
[ view plain ]
| 000 -LEADER | |
|---|---|
| fixed length control field | 00619nam a2200229 a 4500 |
| 001 - CONTROL NUMBER | |
| JCCL Control Number | 5855 |
| 003 - CONTROL NUMBER IDENTIFIER | |
| JCCL marc code | BD-JhCC |
| 005 - DATE AND TIME OF LATEST TRANSACTION | |
| control field | 20180102171919.0 |
| 008 - FIXED-LENGTH DATA ELEMENTS--GENERAL INFORMATION | |
| fixed length control field | 171217s1993 bg ||||| ||a| 00| 0 mul d |
| 020 ## - INTERNATIONAL STANDARD BOOK NUMBER | |
| International Standard Book Number | 9840750763 |
| 035 ## - SYSTEM CONTROL NUMBER | |
| system control number | (BD-JhCC)5855 |
| 040 ## - CATALOGING SOURCE | |
| Original cataloging agency | BD-JhCC |
| Modifying agency | BD-JhCC |
| 041 ## - LANGUAGE CODE | |
| Language code of Book | mul |
| 082 ## - DEWEY DECIMAL CLASSIFICATION NUMBER | |
| Classification number | 423.1 |
| Author mark and Year | ENG 1993 |
| 245 ## - TITLE STATEMENT | |
| Title | Bangla Academy : |
| Remainder of title | English-Bengali Dictionary / |
| Statement of responsibility, etc | edited by Zillur Rahman Siddiqui |
| 260 ## - PUBLICATION, DISTRIBUTION, ETC. (IMPRINT) | |
| Place of publication, distribution, etc | Dhaka : |
| Name of publisher, distributor, etc | Bangla Academy, |
| Date of publication, distribution, etc | 1993. |
| 300 ## - PHYSICAL DESCRIPTION | |
| Pagination | 915 p. : |
| Dimensions | 22 cm. |
| 650 ## - SUBJECT ADDED ENTRY--TOPICAL TERM | |
| Topical term or geographic name as entry element | Dictionaries, English |
| 700 ## - ADDED ENTRY--PERSONAL NAME | |
| Personal name | Siddiqui, Zillur Rahman |
| 942 ## - ADDED ENTRY ELEMENTS (KOHA) | |
| Source of classification or shelving scheme | Dewey Decimal Classification |
| Koha item type | Books |
| Source of classification or shelving scheme | Damaged status | Not for loan | Home library | Current library | Shelving location | Date of accession | Cost, normal purchase price | Total Checkouts | Full call number | Barcode | Date last seen | Copy number | Koha item type | Date checked out | Method of acquisition | Currency |
|---|---|---|---|---|---|---|---|---|---|---|---|---|---|---|---|---|
| Dewey Decimal Classification | JCC Rouf Library | JCC Rouf Library | General Stacks | 12/28/2017 | 340.00 | 423.1 BAN 1993 | 8167 | 12/28/2017 | C-1 | Books | ||||||
| Dewey Decimal Classification | JCC Rouf Library | JCC Rouf Library | General Stacks | 12/28/2017 | 250.00 | 1 | 423.1 BAN 1993 | 8166 | 05/13/2023 | C-2 | Books | 04/25/2018 | ||||
| Dewey Decimal Classification | JCC Rouf Library | JCC Rouf Library | General Stacks | 12/28/2017 | 130.00 | 423.1 BAN 1993 | 8231 | 12/28/2017 | C-3 | Books | ||||||
| Dewey Decimal Classification | JCC Rouf Library | JCC Rouf Library | General Stacks | 520.00 | 1 | 423.1 ENG 2010 | 18817 | 05/21/2025 | C-4 | Books | 04/19/2025 | Purchase | BDT | |||
| Dewey Decimal Classification | JCC Rouf Library | JCC Rouf Library | General Stacks | 520.00 | 423.1 ENG 2010 | 18818 | 03/02/2024 | C-5 | Books | Purchase | BDT |